Qos for real-time applications using openflow in wireless network (Record no. 13315)
[ view plain ]
| 000 -LEADER | |
|---|---|
| fixed length control field | 00488nam a22001337a 4500 |
| 082 ## - DEWEY DECIMAL CLASSIFICATION NUMBER | |
| Classification number | MSIT-12 QAI |
| 100 ## - MAIN ENTRY--PERSONAL NAME | |
| Personal name | Sayed Qaiser Ali Shah |
| 9 (RLIN) | 100265 |
| 245 ## - TITLE STATEMENT | |
| Title | Qos for real-time applications using openflow in wireless network |
| 260 ## - PUBLICATION, DISTRIBUTION, ETC. | |
| Place of publication, distribution, etc. | Islamabad |
| Name of publisher, distributor, etc. | NUST-SEECS |
| Date of publication, distribution, etc. | 2015 |
| 300 ## - PHYSICAL DESCRIPTION | |
| Extent | 34p. |
| Accompanying material | CD Include |
| 500 ## - GENERAL NOTE | |
| General note | Supervisors: Dr. Adeel Baig, Dr. Adnan Khalid Kiani, Dr. Syed Ali Hassan, Dr. Nadeem Ahmed |
| 856 ## - ELECTRONIC LOCATION AND ACCESS | |
| Uniform Resource Identifier | <a href="http://10.250.8.41:8080/xmlui/handle/123456789/10117">http://10.250.8.41:8080/xmlui/handle/123456789/10117</a> |
| 942 ## - ADDED ENTRY ELEMENTS (KOHA) | |
| Koha item type | Project Report |
| Source of classification or shelving scheme | |
| Withdrawn status | Lost status | Damaged status | Not for loan | Collection code | Permanent Location | Current Location | Shelving location | Date acquired | Total Checkouts | Full call number | Barcode | Date last seen | Price effective from | Koha item type | Source of classification or shelving scheme |
|---|---|---|---|---|---|---|---|---|---|---|---|---|---|---|---|
| Central Library (CL) | Central Library (CL) | General Stacks | 08/04/2015 | MSIT-12 QAI | SEECSP01723 | 08/02/2015 | 08/02/2015 | Project Report | |||||||
| Central Library (CL) | Central Library (CL) | Thesis | 09/03/2019 | 004 | CL-T-3318 | 09/03/2019 | 09/03/2019 | Project Report |
